LEADER 01341nam a2200337 i 4500 001 991001407679707536 005 20020507192921.0 008 950426s1994 sz ||| | eng 020 $a3764350660 035 $ab10843413-39ule_inst 035 $aLE01311818$9ExL 040 $aDip.to Matematica$beng 082 0 $a516.362 084 $aAMS 58F05 084 $aQA614.83 100 1 $aHofer, Helmut$042587 245 10$aSymplectic invariants and Hamiltonian dynamics /$cHelmut Hofer, Eduard Zehnder 260 $aBasel ; Boston ; Berlin :$bBirkhauser,$cc1994 300 $axviii, 341 p. ;$c24 cm. 490 0 $aBirkhauser Advanced Text 500 $aIncludes bibliographical references and index 650 4$aHamiltonian systems 650 4$aSymplectic manifolds 700 1 $aZehnder, Eduard$eauthor$4http://id.loc.gov/vocabulary/relators/aut$042588 907 $a.b10843413$b23-02-17$c28-06-02 912 $a991001407679707536 945 $aLE013 58F HOF11 C.1 (1994)$g1$i2013000028330$lle013$o-$pE0.00$q-$rl$s- $t0$u0$v0$w0$x0$y.i10953607$z28-06-02 945 $aLE013 58F HOF11 C.2 (1994)$g2$i2013000036533$lle013$o-$pE0.00$q-$rl$s- $t0$u1$v0$w1$x0$y.i10953619$z28-06-02 996 $aSymplectic invariants and hamiltonian dynamics$91414776 997 $aUNISALENTO 998 $ale013$b01-01-95$cm$da $e-$feng$gsz $h0$i2